000
00285nam a2200133Ia 4500
100
_a
Mcdonald timothy
942
_c
BK
654
_a
novell
245
_a
Illustrated novell netware
260
_b
BPB Publication
_a
New Delhi
_c
1989
300
_a
237
546
_a
ENGLISH
999
_c
25559
_d
25559